Muslim devotions: (Record no. 20291)

MARC details
000 -LEADER
fixed length control field 00749cam a22002531 4500
001 - CONTROL NUMBER
control field 7026794
003 - CONTROL NUMBER IDENTIFIER
control field BDDh-ASL
005 - DATE AND TIME OF LATEST TRANSACTION
control field 20231015025853.0
008 - FIXED-LENGTH DATA ELEMENTS--GENERAL INFORMATION
fixed length control field 740114s1961 enk 000 0 eng
010 ## - LIBRARY OF CONGRESS CONTROL NUMBER
LC control number 61004824
015 ## - NATIONAL BIBLIOGRAPHY NUMBER
National bibliography number GB61-2653
035 ## - SYSTEM CONTROL NUMBER
System control number (OCoLC)775050
040 ## - CATALOGING SOURCE
Original cataloging agency DLC
Transcribing agency MNtcA
Modifying agency OCoLC
-- Uk
-- DLC
-- BDDh-ASL
042 ## - AUTHENTICATION CODE
Authentication code premarc
050 00 - LIBRARY OF CONGRESS CALL NUMBER
Classification number BP188.5
Item number .P3
082 ## - DEWEY DECIMAL CLASSIFICATION NUMBER
Classification number 297.02
Item number PAM
100 1# - MAIN ENTRY--PERSONAL NAME
Personal name Padwick, Constance E.,
Dates associated with a name 1886-1968.
245 10 - TITLE STATEMENT
Title Muslim devotions:
Remainder of title a study of prayer-manuals in common use/
260 ## - PUBLICATION, DISTRIBUTION, ETC.
Place of publication, distribution, etc. London:
Name of publisher, distributor, etc. SPCK,
Date of publication, distribution, etc. 1961.
300 ## - PHYSICAL DESCRIPTION
Extent xxix, 313 p.
Dimensions 23 cm.
650 #0 - SUBJECT ADDED ENTRY--TOPICAL TERM
Topical term or geographic name entry element Islam
General subdivision Prayers and devotions
-- History and criticism.
906 ## - LOCAL DATA ELEMENT F, LDF (RLIN)
a 7
b cbc
c oclcrpl
d u
e ncip
f 19
g y-gencatlg
942 ## - ADDED ENTRY ELEMENTS (KOHA)
Source of classification or shelving scheme Dewey Decimal Classification
Koha item type Books
Holdings
Withdrawn status Lost status Source of classification or shelving scheme Damaged status Not for loan Collection code Home library Current library Shelving location Date acquired Source of acquisition Total Checkouts Full call number Barcode Date last seen Copy number Price effective from Koha item type
    Dewey Decimal Classification     Non-fiction Asiatic Society Library Asiatic Society Library General Stacks 12/29/2020 ASB Collection   297.02 PAM 103703 12/29/2020 C-1 12/29/2020 Books

Powered by Koha